Five plays / (Record no. 22158)
[ view plain ]
| 000 -LEADER | |
|---|---|
| fixed length control field | 01010cam a2200289 4500 |
| 001 - CONTROL NUMBER | |
| control field | 22158 |
| 003 - CONTROL NUMBER IDENTIFIER | |
| rucl marc code | BD-RjUL |
| 005 - DATE AND TIME OF LATEST TRANSACTION | |
| control field | 20211209000756.0 |
| 008 - FIXED-LENGTH DATA ELEMENTS--GENERAL INFORMATION | |
| fixed length control field | 140306q19501959ru f 000 0 eng |
| 035 ## - SYSTEM CONTROL NUMBER | |
| System control number | (BD-RjUL)22223 |
| 040 ## - CATALOGING SOURCE | |
| Original cataloging agency | DLC |
| Transcribing agency | DLC |
| Modifying agency | DLC |
| Language of cataloging | eng |
| 041 1# - LANGUAGE CODE | |
| Language code of text/sound track or separate title | engrus |
| 082 00 - DEWEY DECIMAL CLASSIFICATION NUMBER | |
| Classification number | 891.723 |
| Author mark and year | GOF 1953 |
| 100 1# - MAIN ENTRY--PERSONAL NAME | |
| Personal name | Gorky, Maksim, |
| Dates associated with a name | 1868-1936. |
| 9 (RLIN) | 67622 |
| 245 00 - TITLE STATEMENT | |
| Title | Five plays / |
| Statement of responsibility, etc. | [by] M. Gorky. [Translated from the Russian by Margaret Wettlin] |
| 260 ## - PUBLICATION, DISTRIBUTION, ETC. (IMPRINT) | |
| Place of publication, distribution, etc. | Moscow : |
| Name of publisher, distributor, etc. | Foreign Languages Pub. House, |
| Date of publication, distribution, etc. | [195-?] |
| 300 ## - PHYSICAL DESCRIPTION | |
| Pagination | 523 p. : |
| Illustrations | plates. ; |
| Size | 20 cm. |
| 490 0# - SERIES STATEMENT | |
| Series statement | Library of selected Soviet literature |
| 500 ## - GENERAL NOTE | |
| General note | Added t.p.: in Russian. |
| 505 0# - FORMATTED CONTENTS NOTE | |
| Formatted contents note | The petty bourgeois.--The lower depths.--Summer folk (scenes).--Enemies (Scenes).--Old man. |
| 600 10 - SUBJECT ADDED ENTRY--PERSONAL NAME | |
| Personal name | Gorky, Maksim, |
| Dates associated with a name | 1868-1936 |
| General subdivision | Translations into English. |
| 651 #0 - SUBJECT ADDED ENTRY--GEOGRAPHIC NAME | |
| Geographic name | Soviet Union |
| General subdivision | Social life and customs |
| -- | Drama. |
| 9 (RLIN) | 68392 |
| 942 ## - ADDED ENTRY ELEMENTS (KOHA) | |
| Source of classification or shelving scheme | Dewey Decimal Classification |
| Koha item type | Books |
| Lost status | Source of classification or shelving scheme | Damaged status | Not for loan | Collection code | Permanent Location | Current Location | Shelving location | Date acquired | Source of acquisition | Cost, normal purchase price | Total Checkouts | Full call number | Date last seen | Copy number | Koha item type |
|---|---|---|---|---|---|---|---|---|---|---|---|---|---|---|---|
| Dewey Decimal Classification | Added to bundle | Fiction | Central Library, University of Rajshahi | Central Library, University of Rajshahi | Reading Room | 29/10/1990 | shaukat osman | 0.00 | 891.723 GOF 1953 | 06/03/2014 | C-1 | Books |